| 000 | 00914nam0a22002531 4500 | ||
|---|---|---|---|
| 001 | rc\2789471 | ||
| 005 | 20110915174201.5 | ||
| 035 | _a(NLR Aleph) 006915604 | ||
| 090 |
_a7392780 _c7392780 |
||
| 100 | _a20110915d1935 |||y0rusy50 ca | ||
| 101 | 0 | _arus | |
| 102 | _aRU | ||
| 105 | _aa z ||||| | ||
| 200 | 1 |
_aОсновные вопросы теории суконного прядения _fС. И. Пинес, Г. А. Крупенников _gУкр. науч.-исслед. текстильный ин-т |
|
| 210 |
_aКиев _cУкргизместпром _d1935 |
||
| 215 |
_aОбл., 86 с., [2] с. _cчерт. _d20 см. |
||
| 300 | _aПредисл. авторов (с. 3-4) | ||
| 700 | 1 |
_aПинес _bС. И. _gСемен Ионович |
|
| 701 | 1 |
_aКрупенников _bГ. А. |
|
| 801 | 0 |
_aRU _bNLR _gpsbo |
|
| 801 | 1 |
_aRU _bELAR _2rusmarc |
|
| 852 |
_aNLR _j35-10/1434 |
||
| 942 | _cBOOK | ||
| 980 | _aNB | ||